La situación jurídica del concebido en el derecho civil peruano : (Registro nro. 25027)
[ vista simple ]
| 000 -Cabecera | |
|---|---|
| Campo de control interno | 00546nam a2200169Ia 4500 |
| 005 - Fecha y hora del registro | |
| control field | 20260414151122.0 |
| 008 - Elementos de Longitud Fija | |
| fixed length control field | 260414t2014||||xx |||||||||||||| ||spa|| |
| 041 ## - Idioma | |
| Codigo Idioma | ESP |
| 082 ## - DEWEY y NOTACIÓN INTERNA | |
| Dewey | 346.1 |
| Notación Interna | S25 |
| 100 ## - AUTOR | |
| Autor denominación | Santillán Santa Cruz, Romina Viviana |
| Término de relación | autor |
| 245 #0 - TÍTULO DE MATERIAL BIBLIOGRÁFICO | |
| Título | La situación jurídica del concebido en el derecho civil peruano : |
| Título paralelo | interpretación de la regulación vigente desde una perspectiva histórico-legislativa y teleológica |
| 260 ## - CIUDAD, EDITORIAL, AÑO | |
| Año | 2014 |
| 650 ## - TEMAS | |
| Temas | Derecho |
| 654 ## - PROGRAMAS | |
| Programa | Dpto. de Derecho y Ciencia Política |
| 942 ## - ELEMENTOS DE KOHA | |
| Tipo de documento | Libro |
| Nombre del creador | Justo Noguera |
| Código de catalogador | Justo Noguera |
| Esquema de clasificación | Dewey Decimal Classification |
| Suppress in OPAC | |
| Codigo completo | Registro | Colección | Copia número | Disponibilidad | Tipo de préstamo | Biblioteca Actual | Procedencia (Biblioteca) | Ubicacón | Fecha Ingreso | Tipo de Adquisición | Date last seen | Total checkouts | Price effective from | Tipo de Item | Estado del Material | Damaged status | Withdrawn status |
|---|---|---|---|---|---|---|---|---|---|---|---|---|---|---|---|---|---|
| 346.1 S25 | 1046534 | Universidad Católica San Pablo | 1 | Disponible | Disponible | Víctor Andrés Belaunde | Víctor Andrés Belaunde | Primer piso | 14/04/2026 | Donación | 14/04/2026 | 14/04/2026 | Libro | Bueno |




